[Event "XtraCon-Skakligaen"]
[Site "Denmark"]
[Date "2014.10.26"]
[Round "2.2"]
[White "Poulsen, Iver"]
[Black "Bank, Pelle Rodkjaer"]
[Result "0-1"]
[WhiteElo "2095"]
[BlackElo "2329"]
[PlyCount "82"]
[EventDate "2014.10.25"]
[EventType "team-tourn"]
[EventRounds "9"]
[EventCountry "DEN"]
[WhiteTeam "Esbjerg"]
[BlackTeam "SK1968"]
[WhiteTeamCountry "DEN"]
[BlackTeamCountry "DEN"]

1. e4 g6 2. d4 c6 3. Nf3 Bg7 4. Nc3 d5 5. Be2 Bg4 6. Be3 dxe4 7. Nxe4 Nh6 8.
Ng3 Nf5 9. Nxf5 Bxf5 10. c3 Nd7 11. Qd2 h6 12. Bf4 Qb6 13. O-O a5 14. h3 a4 15.
b4 axb3 16. axb3 Rd8 17. Bc4 g5 18. Bg3 O-O 19. Qe2 e6 20. b4 Nf6 21. Be5 Nd5
22. Bxg7 Kxg7 23. Qd2 Nf4 24. Ra5 f6 25. Rfa1 Be4 26. Qe3 Bg6 27. R5a3 Rfe8 28.
Bf1 e5 29. dxe5 Qxe3 30. fxe3 Nd5 31. exf6+ Kxf6 32. Re1 Ra8 33. Rxa8 Rxa8 34.
e4 Nxc3 35. e5+ Ke7 36. Rc1 Ra3 37. Nd2 Ne4 38. Nxe4 Bxe4 39. b5 Ke6 40. bxc6
bxc6 41. Rc5 Bd5 0-1

[Event "XtraCon-Skakligaen"]
[Site "Denmark"]
[Date "2014.10.26"]
[Round "2.3"]
[White "Hansen, Lars"]
[Black "Bonnelykke, Ole"]
[Result "1-0"]
[WhiteElo "2273"]
[BlackElo "2045"]
[PlyCount "75"]
[EventDate "2014.10.25"]
[EventType "team-tourn"]
[EventRounds "9"]
[EventCountry "DEN"]
[WhiteTeam "SK1968"]
[BlackTeam "Esbjerg"]
[WhiteTeamCountry "DEN"]
[BlackTeamCountry "DEN"]

1. d4 Nf6 2. Bg5 e6 3. e4 Be7 4. e5 Nd5 5. Bxe7 Qxe7 6. c4 Nb6 7. Nc3 d6 8.
exd6 cxd6 9. Nf3 O-O 10. Bd3 N8d7 11. O-O Nf6 12. Re1 Bd7 13. a4 Rac8 14. Qb3
Rc7 15. a5 Nc8 16. Qa3 Rd8 17. b4 Qf8 18. b5 b6 19. axb6 Nxb6 20. Nd2 Rdc8 21.
Na2 Rd8 22. Nb4 Be8 23. Na6 Rcd7 24. Nb4 Rc7 25. Na6 Rcd7 26. Nb3 Rc8 27. Na5
Rdd8 28. Nb4 d5 29. c5 Nc4 30. Bxc4 dxc4 31. Nac6 Bxc6 32. Nxc6 Rxc6 33. bxc6
Rxd4 34. Qxa7 Rd8 35. c7 Rc8 36. Rab1 Nd5 37. Rb8 Nxc7 38. Reb1 1-0

[Event "XtraCon-Skakligaen"]
[Site "Denmark"]
[Date "2014.10.26"]
[Round "2.4"]
[White "Hartvig, Ove Weiss"]
[Black "Matthiesen, Martin"]
[Result "1/2-1/2"]
[WhiteElo "2199"]
[BlackElo "2260"]
[PlyCount "89"]
[EventDate "2014.10.25"]
[EventType "team-tourn"]
[EventRounds "9"]
[EventCountry "DEN"]
[WhiteTeam "Esbjerg"]
[BlackTeam "SK1968"]
[WhiteTeamCountry "DEN"]
[BlackTeamCountry "DEN"]

1. e4 c5 2. Nc3 d6 3. g3 Nc6 4. Bg2 g6 5. d3 Bg7 6. f4 e6 7. Nf3 Nge7 8. O-O
O-O 9. Be3 Nd4 10. e5 Bd7 11. exd6 Nef5 12. Bf2 Nxd6 13. Ne4 Nxe4 14. dxe4 Qb6
15. c3 Nxf3+ 16. Bxf3 Bb5 17. Re1 Rfd8 18. Qc2 e5 19. Rad1 exf4 20. gxf4 Qf6
21. Bg3 Qa6 22. e5 Bc6 23. Rxd8+ Rxd8 24. Rd1 Rxd1+ 25. Qxd1 Bxf3 26. Qxf3 Qxa2
27. Qxb7 h5 28. Bf2 Bh6 29. Bxc5 Bxf4 30. Qb8+ Kg7 31. Bd4 Qb1+ 32. Kf2 Qc2+
33. Kf3 Qf5 34. Ke2 Qc2+ 35. Kf3 Qf5 36. Ke2 Kh6 37. h4 Qg4+ 38. Kd3 Qxh4 39.
Qf8+ Kg5 40. Qxf7 Qg3+ 41. Kc4 Bxe5 42. Qe7+ Kf5 43. Qf7+ Kg5 44. Qe7+ Kf5 45.
Qf7+ 1/2-1/2

[Event "XtraCon-Skakligaen"]
[Site "Denmark"]
[Date "2014.10.26"]
[Round "2.5"]
[White "Lindfeldt, Jan Magnus"]
[Black "Lindestrom, Torsten"]
[Result "1/2-1/2"]
[WhiteElo "2261"]
[BlackElo "2224"]
[PlyCount "82"]
[EventDate "2014.10.25"]
[EventType "team-tourn"]
[EventRounds "9"]
[EventCountry "DEN"]
[WhiteTeam "SK1968"]
[BlackTeam "Esbjerg"]
[WhiteTeamCountry "DEN"]
[BlackTeamCountry "DEN"]

1. e4 d5 2. exd5 Qxd5 3. Nc3 Qd6 4. d4 Nf6 5. Be3 c6 6. Qd2 Bg4 7. f3 Bf5 8.
Nge2 Nbd7 9. O-O-O Nb6 10. Ng3 Bg6 11. Nge4 Qb4 12. a3 Qa5 13. Nc5 O-O-O 14.
Nb3 Qf5 15. Bd3 Qd7 16. Nc5 Qe8 17. Rhe1 e6 18. N3e4 Nxe4 19. fxe4 Bxc5 20.
dxc5 Nc4 21. Qb4 Nxe3 22. Rxe3 Qe7 23. Rde1 e5 24. Kb1 Rd4 25. Qa5 Kb8 26. c3
Rd7 27. Bc2 Rhd8 28. g4 Rd2 29. R1e2 Qh4 30. Rxd2 Rxd2 31. Rd3 Rxd3 32. Bxd3 a6
33. h3 Kc8 34. Ka2 Qxh3 35. Bxa6 Bxe4 36. Bc4 Qxg4 37. Qa8+ Kc7 38. Qa5+ Kc8
39. Qa8+ Kc7 40. Qa5+ Kd7 41. Qa8 Kc7 1/2-1/2

[Event "XtraCon-Skakligaen"]
[Site "Denmark"]
[Date "2014.10.26"]
[Round "2.6"]
[White "Maarup, Michael"]
[Black "Rewitz, Poul"]
[Result "0-1"]
[WhiteElo "2152"]
[BlackElo "2253"]
[PlyCount "52"]
[EventDate "2014.10.25"]
[EventType "team-tourn"]
[EventRounds "9"]
[EventCountry "DEN"]
[WhiteTeam "Esbjerg"]
[BlackTeam "SK1968"]
[WhiteTeamCountry "DEN"]
[BlackTeamCountry "DEN"]

1. d4 Nf6 2. c4 e6 3. Nc3 Bb4 4. Qc2 O-O 5. a3 Bxc3+ 6. Qxc3 b5 7. cxb5 c6 8.
Bg5 h6 9. Bxf6 Qxf6 10. a4 Bb7 11. f3 Rc8 12. Qd3 cxb5 13. axb5 a6 14. e3 axb5
15. Rxa8 Bxa8 16. Qxb5 Nc6 17. Be2 Rb8 18. Qa4 Qh4+ 19. g3 Qd8 20. Nh3 Rxb2 21.
Nf2 Nb4 22. Nd1 Bc6 23. Qa7 Ra2 24. Qc5 Bxf3 25. Qxb4 Rxe2+ 26. Kf1 Rc2 0-1

[Event "XtraCon-Skakligaen"]
[Site "Denmark"]
[Date "2014.10.26"]
[Round "2.7"]
[White "Bindzus, Niels"]
[Black "Hansen, Stefan"]
[Result "1-0"]
[WhiteElo "2182"]
[BlackElo "2102"]
[PlyCount "117"]
[EventDate "2014.10.25"]
[EventType "team-tourn"]
[EventRounds "9"]
[EventCountry "DEN"]
[WhiteTeam "SK1968"]
[BlackTeam "Esbjerg"]
[WhiteTeamCountry "DEN"]
[BlackTeamCountry "DEN"]

1. e4 c6 2. d4 d5 3. Nd2 dxe4 4. Nxe4 Bf5 5. Ng3 Bg6 6. h4 h6 7. Nf3 Nd7 8. h5
Bh7 9. Bd3 Bxd3 10. Qxd3 e6 11. Bd2 Ngf6 12. O-O-O Be7 13. Kb1 O-O 14. Ne4 Nxe4
15. Qxe4 Nf6 16. Qe2 Qd5 17. Be3 b5 18. Nd2 a5 19. g4 Ne4 20. Nxe4 Qxe4 21. f3
Qd5 22. Rhg1 Rad8 23. f4 Qe4 24. g5 Kh7 25. Rg4 f5 26. g6+ Kg8 27. Rgg1 Rd7 28.
Rge1 Bh4 29. Bf2 Qxe2 30. Rxe2 Bxf2 31. Rxf2 Rfd8 32. c3 Kf8 33. Re1 Ke7 34.
Rfe2 Rd6 35. Re5 Kd7 36. a4 Rb8 37. Kc2 Rb7 38. Ra1 Rd5 39. axb5 Rxe5 40. bxc6+
Kxc6 41. dxe5 Kd5 42. Ra4 Ra7 43. Rd4+ Kc5 44. Rd6 a4 45. Rxe6 Kd5 46. Rd6+ Ke4
47. e6 Kxf4 48. Rd7 Ra6 49. Rxg7 Rxe6 50. Rh7 Re2+ 51. Kc1 Rg2 52. Rxh6 Ke3 53.
Rh7 f4 54. Re7+ Kd3 55. Rd7+ Ke3 56. g7 f3 57. Rf7 f2 58. h6 Kd3 59. Kb1 1-0

[Event "XtraCon-Skakligaen"]
[Site "Denmark"]
[Date "2014.10.26"]
[Round "2.8"]
[White "Jensen, Henrik Tranberg"]
[Black "Sorensen, Torben Kyhl"]
[Result "1-0"]
[WhiteElo "2057"]
[BlackElo "2168"]
[PlyCount "67"]
[EventDate "2014.10.25"]
[EventType "team-tourn"]
[EventRounds "9"]
[EventCountry "DEN"]
[WhiteTeam "Esbjerg"]
[BlackTeam "SK1968"]
[WhiteTeamCountry "DEN"]
[BlackTeamCountry "DEN"]

1. d4 Nf6 2. c4 g6 3. Nc3 d5 4. Nf3 Bg7 5. Bf4 O-O 6. e3 dxc4 7. Bxc4 c5 8.
dxc5 Qa5 9. O-O Qxc5 10. Qb3 Nc6 11. Ng5 e6 12. Qb5 Qxb5 13. Bxb5 Nd5 14. Nxd5
exd5 15. Rfd1 Bf5 16. Rxd5 Bxb2 17. Rad1 Nb4 18. Rd6 Bc2 19. R1d2 Bc3 20. Re2
h6 21. Nf3 a6 22. Bc4 b5 23. Rxc2 Nxc2 24. Rxg6+ Kh7 25. Rxh6+ Kg7 26. Bd3 Nb4
27. Be4 Rad8 28. h4 f5 29. Bb7 Rf6 30. Rxf6 Bxf6 31. a3 Rd7 32. Bc8 Rd8 33.
Bxf5 Nc2 34. Bxc2 1-0

[Event "XtraCon-Skakligaen"]
[Site "Denmark"]
[Date "2014.10.26"]
[Round "2.2"]
[White "Brynell, Stellan"]
[Black "Skytte, Rasmus"]
[Result "1/2-1/2"]
[WhiteElo "2459"]
[BlackElo "2425"]
[PlyCount "71"]
[EventDate "2014.10.25"]
[EventType "team-tourn"]
[EventRounds "9"]
[EventCountry "DEN"]
[WhiteTeam "Nordkalotten"]
[BlackTeam "AarhusSkolerne"]
[WhiteTeamCountry "DEN"]
[BlackTeamCountry "DEN"]

1. d4 Nf6 2. c4 c5 3. d5 b5 4. cxb5 a6 5. bxa6 g6 6. Nc3 Bg7 7. e4 Qa5 8. Bd2
O-O 9. Nf3 Bxa6 10. Bxa6 Qxa6 11. Qe2 e6 12. Qxa6 Nxa6 13. dxe6 fxe6 14. Ke2 d5
15. exd5 exd5 16. Rhd1 Nb4 17. a3 Rae8+ 18. Kf1 Nd3 19. Rab1 Ne4 20. Be3 Nxb2
21. Rxb2 Nxc3 22. Re1 Ne4 23. Rc2 Rc8 24. Rec1 c4 25. Nd4 Nc5 26. Rd1 Rce8 27.
Nf3 Nd3 28. Rcd2 Ra8 29. Rxd3 cxd3 30. Rxd3 Rfd8 31. Nd4 Rd7 32. Ne6 Bf6 33.
Nc5 Re7 34. Rxd5 Rxa3 35. g3 Ra8 36. Kg2 1/2-1/2

[Event "XtraCon-Skakligaen"]
[Site "Denmark"]
[Date "2014.10.26"]
[Round "2.3"]
[White "Sorensen, Jan"]
[Black "Sylvan, Jacob"]
[Result "1/2-1/2"]
[WhiteElo "2431"]
[BlackElo "2315"]
[PlyCount "52"]
[EventDate "2014.10.25"]
[EventType "team-tourn"]
[EventRounds "9"]
[EventCountry "DEN"]
[WhiteTeam "AarhusSkolerne"]
[BlackTeam "Nordkalotten"]
[WhiteTeamCountry "DEN"]
[BlackTeamCountry "DEN"]

1. e4 c5 2. b3 Nc6 3. Bb2 d6 4. Bb5 Bd7 5. f4 Nf6 6. Nc3 e5 7. Nge2 a6 8. Bxc6
Bxc6 9. O-O Nxe4 10. Nxe4 Bxe4 11. Ng3 Bc6 12. fxe5 dxe5 13. Qh5 Qd5 14. Qxe5+
Qxe5 15. Bxe5 f6 16. Bc3 O-O-O 17. Rae1 Re8 18. d3 Rg8 19. a4 Rxe1 20. Rxe1 Kd7
21. Bb2 Be7 22. Nf5 Bd8 23. Ba3 b6 24. Kf2 g6 25. Ne3 Re8 26. g3 Be7 1/2-1/2

[Event "XtraCon-Skakligaen"]
[Site "Denmark"]
[Date "2014.10.26"]
[Round "2.4"]
[White "Kristensen, Kaare Hove"]
[Black "Rasmussen, Karsten"]
[Result "1-0"]
[WhiteElo "2335"]
[BlackElo "2424"]
[PlyCount "107"]
[EventDate "2014.10.25"]
[EventType "team-tourn"]
[EventRounds "9"]
[EventCountry "DEN"]
[WhiteTeam "Nordkalotten"]
[BlackTeam "AarhusSkolerne"]
[WhiteTeamCountry "DEN"]
[BlackTeamCountry "DEN"]

1. e4 g6 2. d4 Nf6 3. Bd3 Bg7 4. c4 O-O 5. Nc3 Nc6 6. d5 Ne5 7. Be2 d6 8. f4
Ned7 9. Nf3 Nc5 10. e5 Nfd7 11. Be3 e6 12. dxe6 Nxe6 13. exd6 Nf6 14. d7 Nxd7
15. O-O c6 16. Qc2 Qe7 17. Rae1 Nf6 18. Ne5 Nc5 19. b4 Ncd7 20. Qb3 Re8 21. Bd4
c5 22. Nxd7 cxd4 23. Nxf6+ Qxf6 24. Nd5 Qd6 25. c5 Qd8 26. Bc4 Be6 27. b5 Rc8
28. Nb4 Qd7 29. Bxe6 fxe6 30. Nd3 a6 31. a4 axb5 32. axb5 Kh8 33. Re4 Qd5 34.
Qxd5 exd5 35. Rxe8+ Rxe8 36. Re1 Rxe1+ 37. Nxe1 Bf8 38. Nd3 Kg7 39. c6 bxc6 40.
bxc6 Bd6 41. Nb4 Kf6 42. c7 Bxc7 43. Nxd5+ Kf5 44. Nxc7 Kxf4 45. Kf2 h6 46.
Ne6+ Ke4 47. Nc5+ Kd5 48. Nd3 g5 49. Kf3 h5 50. g3 Kc4 51. Ke4 Kc3 52. Ne5 h4
53. g4 h3 54. Kf5 1-0

[Event "XtraCon-Skakligaen"]
[Site "Denmark"]
[Date "2014.10.26"]
[Round "2.5"]
[White "Christensen, Tobias"]
[Black "Jakobsen, Peter"]
[Result "1/2-1/2"]
[WhiteElo "2369"]
[BlackElo "2227"]
[PlyCount "41"]
[EventDate "2014.10.25"]
[EventType "team-tourn"]
[EventRounds "9"]
[EventCountry "DEN"]
[WhiteTeam "AarhusSkolerne"]
[BlackTeam "Nordkalotten"]
[WhiteTeamCountry "DEN"]
[BlackTeamCountry "DEN"]

1. e4 c5 2. Nf3 d6 3. d4 cxd4 4. Nxd4 Nf6 5. Nc3 e6 6. Be2 Be7 7. O-O O-O 8.
Be3 Nc6 9. h3 a6 10. a4 Qc7 11. Re1 Ne5 12. Bf4 b6 13. Nf3 Bb7 14. Bd3 Nfd7 15.
Qe2 Bf6 16. Nxe5 Nxe5 17. Ra3 Rfd8 18. Qe3 Rab8 19. Qe2 Ra8 20. Qe3 Rab8 21.
Qe2 1/2-1/2

[Event "XtraCon-Skakligaen"]
[Site "Denmark"]
[Date "2014.10.26"]
[Round "2.6"]
[White "Hove, Esben Kjems"]
[Black "Pedersen, Finn"]
[Result "0-1"]
[WhiteElo "2224"]
[BlackElo "2278"]
[PlyCount "78"]
[EventDate "2014.10.25"]
[EventType "team-tourn"]
[EventRounds "9"]
[EventCountry "DEN"]
[WhiteTeam "Nordkalotten"]
[BlackTeam "AarhusSkolerne"]
[WhiteTeamCountry "DEN"]
[BlackTeamCountry "DEN"]

1. d4 d5 2. c4 c6 3. Nc3 Nf6 4. Nf3 dxc4 5. a4 Bf5 6. e3 e6 7. Bxc4 Bb4 8. O-O
O-O 9. Qe2 Bg4 10. Rd1 Qa5 11. e4 Nbd7 12. e5 Nd5 13. Ne4 f6 14. exf6 N7xf6 15.
h3 Bh5 16. Ng3 Rae8 17. Nxh5 Nxh5 18. g3 Nhf6 19. Ne5 Qc7 20. Kg2 Bd6 21. f4 g6
22. Bd2 Nh5 23. Qe4 Qg7 24. Be2 Nhf6 25. Qd3 Rd8 26. Nc4 Bb8 27. b4 a6 28. Bf3
Ba7 29. b5 Nh5 30. Bxd5 Rxd5 31. b6 Bb8 32. Qe4 Qd7 33. Bb4 Nxf4+ 34. Kh2 e5
35. gxf4 Rxf4 36. Qg2 exd4 37. Kh1 Rf2 38. Qg4 Rg5 39. Qxd7 Rh2# 0-1

[Event "XtraCon-Skakligaen"]
[Site "Denmark"]
[Date "2014.10.26"]
[Round "2.7"]
[White "Rendboe, John Filip"]
[Black "Ejsing, Esben"]
[Result "1-0"]
[WhiteElo "2196"]
[BlackElo "2190"]
[PlyCount "75"]
[EventDate "2014.10.25"]
[EventType "team-tourn"]
[EventRounds "9"]
[EventCountry "DEN"]
[WhiteTeam "AarhusSkolerne"]
[BlackTeam "Nordkalotten"]
[WhiteTeamCountry "DEN"]
[BlackTeamCountry "DEN"]

1. d4 Nf6 2. c4 g6 3. Nc3 Bg7 4. e4 d6 5. Nf3 O-O 6. Be2 c6 7. O-O a6 8. a3
Nbd7 9. h3 e5 10. d5 cxd5 11. cxd5 Nh5 12. Re1 b5 13. b4 Qc7 14. Qb3 Nb6 15. a4
bxa4 16. Nxa4 Nf4 17. Bf1 f5 18. Ng5 fxe4 19. Nxb6 Qxb6 20. Be3 Qd8 21. Nxe4
Bb7 22. Red1 Qd7 23. b5 a5 24. b6 Rf7 25. Bb5 Qd8 26. Rac1 Bf8 27. Rc2 a4 28.
Qa2 Ra5 29. Bc6 Qa8 30. Ng5 Rf5 31. Bxb7 Qxb7 32. Rc7 Qa6 33. Ra7 Qb5 34. Rxa5
Qxa5 35. b7 Qd8 36. Ne6 Nxe6 37. dxe6 Qb8 38. Rb1 1-0

[Event "XtraCon-Skakligaen"]
[Site "Denmark"]
[Date "2014.10.26"]
[Round "2.8"]
[White "Nielsen, Lars Aaes"]
[Black "Jensen, Jacob Bjerre"]
[Result "1-0"]
[WhiteElo "2237"]
[BlackElo "2156"]
[PlyCount "111"]
[EventDate "2014.10.25"]
[EventType "team-tourn"]
[EventRounds "9"]
[EventCountry "DEN"]
[WhiteTeam "Nordkalotten"]
[BlackTeam "AarhusSkolerne"]
[WhiteTeamCountry "DEN"]
[BlackTeamCountry "DEN"]

1. e4 e6 2. d4 d5 3. Nc3 Bb4 4. Nge2 dxe4 5. a3 Be7 6. Nxe4 Nf6 7. N2g3 Nxe4 8.
Nxe4 O-O 9. c3 Qd5 10. Qf3 Bd7 11. Bd3 Bb5 12. Bc2 Nd7 13. b3 c5 14. Bb2 c4 15.
bxc4 Bxc4 16. Qh3 f5 17. Nd2 Rf6 18. Nxc4 Qxc4 19. Qd3 Nb6 20. a4 Rg6 21. a5
Qxd3 22. Bxd3 Nd5 23. g3 Rc8 24. Kd2 a6 25. Ba3 Bd8 26. Bc5 Rf6 27. Rhb1 Rf7
28. Re1 Rd7 29. Rxe6 g6 30. Bc4 Kg7 31. Bxd5 Rxd5 32. Bb6 Bf6 33. Rb1 Kf7 34.
Re2 Rd7 35. Kd3 Re8 36. Reb2 Be7 37. Ba7 Ra8 38. Bb6 Ba3 39. Rb3 Bd6 40. c4 Re8
41. d5 f4 42. Bd4 Rb8 43. Rb6 fxg3 44. hxg3 Ke8 45. Rxd6 Rxd6 46. Be5 Rdd8 47.
Bxb8 Rxb8 48. Rh1 h5 49. g4 Rc8 50. gxh5 gxh5 51. Rxh5 Rc5 52. Rh7 Rxa5 53.
Rxb7 Ra2 54. c5 Rxf2 55. c6 Rf1 56. Rb8+ 1-0

[Event "XtraCon-Skakligaen"]
[Site "Denmark"]
[Date "2014.10.26"]
[Round "2.1"]
[White "Aagaard, Jacob"]
[Black "Andersen, Mads"]
[Result "1/2-1/2"]
[WhiteElo "2522"]
[BlackElo "2485"]
[PlyCount "93"]
[EventDate "2014.10.25"]
[EventType "team-tourn"]
[EventRounds "9"]
[EventCountry "DEN"]
[WhiteTeam "Obro"]
[BlackTeam "Skanderborg"]
[WhiteTeamCountry "DEN"]
[BlackTeamCountry "DEN"]

1. d4 d5 2. c4 c6 3. Nf3 Nf6 4. Nc3 dxc4 5. a4 Bf5 6. Ne5 Nbd7 7. Nxc4 Qc7 8.
Qd2 g6 9. f3 e5 10. e4 exd4 11. Ne2 a5 12. Qf4 Bb4+ 13. Kf2 Qxf4 14. Bxf4 d3
15. Nd4 Bc5 16. Ke3 O-O 17. Kxd3 Nd5 18. Bd2 Rfd8 19. Nxf5 Nb4+ 20. Bxb4 Bxb4
21. Nfe3 b5 22. Kc2 bxc4 23. Be2 Nc5 24. Rhd1 Nb3 25. Rxd8+ Rxd8 26. Rd1 Rxd1
27. Kxd1 Nc5 28. Nxc4 Nxa4 29. Kc2 f6 30. e5 Kf7 31. f4 Nc5 32. Bg4 h5 33. Bc8
a4 34. exf6 Kxf6 35. Ne5 a3 36. bxa3 Bxa3 37. Nxc6 Ne6 38. Bxe6 Kxe6 39. Nd4+
Kf6 40. h4 Bc5 41. Kd3 Bxd4 42. Kxd4 Kf5 43. Ke3 Kg4 44. Ke4 Kg3 45. f5 gxf5+
46. Kxf5 Kxh4 47. Kf4 1/2-1/2

[Event "XtraCon-Skakligaen"]
[Site "Denmark"]
[Date "2014.10.26"]
[Round "2.2"]
[White "Svane, Rasmus"]
[Black "Hansen, Mads Smith"]
[Result "1-0"]
[WhiteElo "2506"]
[BlackElo "2378"]
[PlyCount "51"]
[EventDate "2014.10.25"]
[EventType "team-tourn"]
[EventRounds "9"]
[EventCountry "DEN"]
[WhiteTeam "Skanderborg"]
[BlackTeam "Obro"]
[WhiteTeamCountry "DEN"]
[BlackTeamCountry "DEN"]

1. Nf3 d6 2. d4 Nf6 3. c4 Nbd7 4. Nc3 e5 5. e4 Be7 6. Be2 c6 7. O-O O-O 8. Qc2
a6 9. Rd1 Qc7 10. Be3 Re8 11. Rac1 Bf8 12. h3 b5 13. cxb5 cxb5 14. Qb3 exd4 15.
Nd5 Nxd5 16. Rxc7 Nxc7 17. Nxd4 Nc5 18. Qc3 N7e6 19. Bf3 Bb7 20. Nxe6 Rxe6 21.
Bxc5 dxc5 22. e5 Bxf3 23. Qxf3 Rae8 24. Rd7 Rxe5 25. Qxf7+ Kh8 26. f4 1-0

[Event "XtraCon-Skakligaen"]
[Site "Denmark"]
[Date "2014.10.26"]
[Round "2.3"]
[White "Hansen, Soren Bech"]
[Black "Semcesen, Daniel"]
[Result "1/2-1/2"]
[WhiteElo "2296"]
[BlackElo "2480"]
[PlyCount "141"]
[EventDate "2014.10.25"]
[EventType "team-tourn"]
[EventRounds "9"]
[EventCountry "DEN"]
[WhiteTeam "Obro"]
[BlackTeam "Skanderborg"]
[WhiteTeamCountry "DEN"]
[BlackTeamCountry "DEN"]

1. e4 e5 2. Bc4 Nf6 3. d3 Nc6 4. Nf3 Bc5 5. c3 a6 6. O-O d6 7. Bb3 Ba7 8. Nbd2
O-O 9. h3 b5 10. Re1 Ne7 11. Nf1 Ng6 12. Ng3 Bb7 13. Bg5 h6 14. Bd2 Kh7 15. Nh2
d5 16. Qe2 dxe4 17. dxe4 Nxe4 18. Nxe4 Bxe4 19. Rad1 Bd3 20. Qh5 c5 21. Bxh6
gxh6 22. Rxd3 Qg5 23. Qxg5 hxg5 24. Rd7 c4 25. Bc2 Kg7 26. Be4 Rfd8 27. Red1
Rxd7 28. Rxd7 Nf8 29. Rxf7+ Kxf7 30. Bxa8 Nd7 31. Nf3 Kf6 32. Nd2 Nc5 33. Ne4+
Kf5 34. Nxc5 Bxc5 35. Kf1 e4 36. Ke2 Bd6 37. Bb7 a5 38. Ba6 b4 39. Bxc4 Be5 40.
cxb4 axb4 41. a3 Bxb2 42. axb4 Bd4 43. Bd5 Kf4 44. Bc6 Bb6 45. g3+ Kf5 46. Bd7+
Ke5 47. h4 gxh4 48. gxh4 Bd8 49. h5 Bg5 50. Be8 Kd5 51. b5 Kc5 52. Bc6 Bc1 53.
Kf1 Bf4 54. Kg2 Kd4 55. b6 Kc5 56. Bxe4 Kxb6 57. Kf3 Be5 58. Kg4 Kc5 59. Kf5
Kd6 60. h6 Ba1 61. Kg6 Ke7 62. Bd5 Bb2 63. f4 Ba1 64. Kh7 Kf8 65. Kg6 Ke7 66.
f5 Bb2 67. Be6 Ba1 68. Kh7 Kf8 69. Ba2 Bb2 70. Kg6 Ke7 71. h7 1/2-1/2

[Event "XtraCon-Skakligaen"]
[Site "Denmark"]
[Date "2014.10.26"]
[Round "2.4"]
[White "Pedersen, Nicolai Vesterbaek"]
[Black "Larsen, Karsten"]
[Result "1-0"]
[WhiteElo "2400"]
[BlackElo "2247"]
[PlyCount "55"]
[EventDate "2014.10.25"]
[EventType "team-tourn"]
[EventRounds "9"]
[EventCountry "DEN"]
[WhiteTeam "Skanderborg"]
[BlackTeam "Obro"]
[WhiteTeamCountry "DEN"]
[BlackTeamCountry "DEN"]

1. d4 c5 2. d5 d6 3. e4 e5 4. Nc3 Be7 5. Nf3 Nf6 6. Nd2 O-O 7. g3 Ne8 8. Bg2
Nc7 9. a4 Nd7 10. O-O b6 11. b3 Ba6 12. Re1 Bg5 13. Bb2 g6 14. Nf3 Bh6 15. Bh3
Qe7 16. Nh4 Kh8 17. f4 exf4 18. Nb5+ Ne5 19. Bxe5+ Qxe5 20. Nxc7 fxg3 21. Nxa6
gxh2+ 22. Kh1 Rae8 23. Bg2 Qf4 24. Nf3 Bg7 25. Qc1 Qg3 26. Rb1 h6 27. Re3 g5
28. Nd4 1-0

[Event "XtraCon-Skakligaen"]
[Site "Denmark"]
[Date "2014.10.26"]
[Round "2.5"]
[White "Kaaber Hansen, Jacob"]
[Black "Pedersen, Steffen"]
[Result "0-1"]
[WhiteElo "2262"]
[BlackElo "2417"]
[PlyCount "62"]
[EventDate "2014.10.25"]
[EventType "team-tourn"]
[EventRounds "9"]
[EventCountry "DEN"]
[WhiteTeam "Obro"]
[BlackTeam "Skanderborg"]
[WhiteTeamCountry "DEN"]
[BlackTeamCountry "DEN"]

1. d4 Nf6 2. Nf3 e6 3. c4 d5 4. g3 dxc4 5. Bg2 c5 6. O-O Nc6 7. Qa4 Bd7 8. Qxc4
b5 9. Qc2 cxd4 10. Bf4 Rc8 11. a3 e5 12. Bg5 h6 13. Bxf6 Qxf6 14. Nbd2 Be7 15.
Ne4 Qg6 16. Nfd2 O-O 17. Rac1 Na5 18. Qb1 f5 19. b4 Nc4 20. Nxc4 bxc4 21. Nd2
Be6 22. Nf3 Bf6 23. Rfd1 Rfd8 24. Rc2 e4 25. Ne1 Qf7 26. g4 Bh4 27. f3 e3 28.
Bh3 fxg4 29. Bxg4 Bxg4 30. fxg4 Qf2+ 31. Kh1 Qf1# 0-1

[Event "XtraCon-Skakligaen"]
[Site "Denmark"]
[Date "2014.10.26"]
[Round "2.6"]
[White "Andersen, Jackie"]
[Black "Schou Moldt, Thomas"]
[Result "1/2-1/2"]
[WhiteElo "2356"]
[BlackElo "2228"]
[PlyCount "91"]
[EventDate "2014.10.25"]
[EventType "team-tourn"]
[EventRounds "9"]
[EventCountry "DEN"]
[WhiteTeam "Skanderborg"]
[BlackTeam "Obro"]
[WhiteTeamCountry "DEN"]
[BlackTeamCountry "DEN"]

1. d4 Nf6 2. Nf3 g6 3. c4 Bg7 4. Nc3 O-O 5. g3 d6 6. Bg2 Nc6 7. h3 Rb8 8. O-O
a6 9. a3 b5 10. cxb5 axb5 11. b4 e6 12. Bb2 Bd7 13. Rc1 Ne7 14. Nd2 Nfd5 15.
Nb3 f5 16. e3 Rc8 17. Na5 Qe8 18. Qe2 Bh6 19. Rc2 Nxc3 20. Bxc3 Nd5 21. Bd2 Rf7
22. e4 Bxd2 23. exd5 Bg5 24. dxe6 Bxe6 25. Bc6 Bd7 26. Bd5 Qxe2 27. Rxe2 Kf8
28. Bxf7 Kxf7 29. f4 Bf6 30. d5 Rb8 31. Rc1 Bd8 32. Kf2 Kf8 33. Kf3 h5 34. h4
Kf7 35. Rec2 Ke8 36. Ke3 Ra8 37. Kd3 Ra7 38. Kc3 Bf6+ 39. Kd3 Bd8 40. Re2+ Kf7
41. Kc2 Bf6 42. Kb3 Kf8 43. Ka2 Be8 44. Rd2 Bf7 45. Nc6 Ra8 46. Re1 1/2-1/2

[Event "XtraCon-Skakligaen"]
[Site "Denmark"]
[Date "2014.10.26"]
[Round "2.7"]
[White "Jorgensen, Dennis"]
[Black "Hansen, Mads"]
[Result "1/2-1/2"]
[WhiteElo "2243"]
[BlackElo "2320"]
[PlyCount "81"]
[EventDate "2014.10.25"]
[EventType "team-tourn"]
[EventRounds "9"]
[EventCountry "DEN"]
[WhiteTeam "Obro"]
[BlackTeam "Skanderborg"]
[WhiteTeamCountry "DEN"]
[BlackTeamCountry "DEN"]

1. d4 Nf6 2. c4 e6 3. Nc3 d5 4. Bg5 Be7 5. e3 b6 6. Nf3 Bb7 7. Bxf6 Bxf6 8.
cxd5 exd5 9. Bd3 O-O 10. Qc2 g6 11. h4 c5 12. h5 Qe8 13. hxg6 fxg6 14. O-O-O c4
15. Be2 b5 16. e4 b4 17. Nxd5 Bxd5 18. exd5 b3 19. axb3 cxb3 20. Qc4 Nd7 21.
Kb1 Rc8 22. Qb5 Rb8 23. Qc4 Rb6 24. Bd3 Qb8 25. d6+ Kg7 26. Qe6 Qxd6 27. Qg4
Bd8 28. Qh3 h5 29. Rhe1 Qc6 30. Ne5 Nxe5 31. Rxe5 Qa4 32. Qe3 Bf6 33. Rc5 Rf7
34. Bxg6 Bxd4 35. Rxd4 Qa2+ 36. Kc1 Rxg6 37. Qe5+ Rgf6 38. Qg5+ Rg6 39. Qe5+
Rgf6 40. Qg5+ Rg6 41. Qe5+ 1/2-1/2